| 000 | 01748nac a22003011u 4500 | ||
|---|---|---|---|
| 010 | _a 85203090 | ||
| 020 | _a0852985584 (pbk.) : | ||
| 082 | 0 | 0 |
_a629.20287 _bVEH |
| 090 |
_c9235 _d9235 |
||
| 100 | _a20080729 | ||
| 111 | 2 |
_aInternational Conference on Vehicle Condition Monitoring and Fault Diagnosis _d(1985 : _cLondon, England) |
|
| 245 | 1 | 0 |
_aInternational Conference on Vehicle Condition Monitoring and Fault Diagnosis / _csponsored by the Automobile, Railway, and Power Industries Divisions of the Institution of Mechanical Engineers ; co-sponsored by the Institution of Technical Engineers in Mechanical Engineering ... [et al.], and held under the patronage of FISITA, 6-7 March, 1985, London. |
| 260 |
_aLondon : _bPublished for the Institution of Mechanical Engineers by Mechanical Engineering Publications,1985 _c1985. |
||
| 300 |
_a146 p. : _bill. ; _c30 cm. |
||
| 490 | 1 |
_aIMechE conference publications ; _v1985-2 |
|
| 500 | _aTitle on cover: Vehicle condition monitoring and fault diagnosis. | ||
| 500 | _adistributer: Al-Ahram | ||
| 504 | _aIncludes bibliographies. | ||
| 511 | _acatalogued by: wessam | ||
| 650 | 0 |
_aMotor vehicles _xTesting _xCongresses. |
|
| 710 | 2 |
_aInstitution of Mechanical Engineers (Great Britain). _bAutomobile Division. |
|
| 710 | 2 |
_aInstitution of Mechanical Engineers (Great Britain). _bRailway Division. |
|
| 710 | 2 |
_aInstitution of Mechanical Engineers (Great Britain). _bPower Industries Division. |
|
| 710 | 2 | _aInternational Federation of Automobile Engineers' and Technicians' Associations. | |
| 740 | 0 | _aVehicle condition monitoring and fault diagnosis. | |
| 830 | 0 | _aI Mech E conference publications ; | |
| 942 |
_cBB _k629.20287VEH |
||
| 999 |
_c9235 _d9235 |
||